Normal view
MARC view
- PIAGET, JEAN,
Entry Nombre Personal
001 - NUMERO DE CONTROL
- campo de control: 7008
003 - IDENTIFICADOR DE NUMERO DE CONTROL
- campo de control: UPN
005 - FECHA Y HORA DE LA ÜLTIMA TRANSACCIÓN
- campo de control: 20210219193709.0
008 - DATOS DE LONGITUD FIJA
- campo de control de longitud fija: nabaccnnaabn|||||||||| b |nc|||||d
035 ## - NUMERO DE CONTROL
- Número de control: UPN10000007010
040 ## - FUENTE DE CATALOGACIÓN
- Lenguaje de catalogación: SPA
- Agencia de transcripción: UPN
053 #4 - NÚMERO DE CLASIFICACIÓN LC
- Número de clasificación elemento-número único o número inicial de tramo: LB775 P4.9
100 1# - ENCABEZAMIENTO - NOMBRE PERSONAL
- Nombre personal: PIAGET, JEAN,
- Fechas asociadas con el nombre: 1896-1980 -
- Subdivisión de forma: CITAS LITERARIAS
670 ## - FUENTE EN LA QUE SE LOCALIZARON DATOS
- Cita de la fuente: T/P
- Información localizada: Salvat universal
902 ## - CATALOGADOR
- Catalogador: CAA/030397
